000 00933nam a22003137a 4500
003 CHAP
005 20220329135602.0
008 971013s1920 r 00010 d
010 _a38898
011 _a39870
035 _a43995
040 _cCHAP
082 _a546
_bM65
100 0 0 _aMolinari, Ettore.
_977415
245 _aTreatise on general and industrial inorganic chemistry
250 _a2 ed.
260 _aPhiladelphia :
_bBlakiston,
_c1920
300 _a876 p
590 _aBATCH-UPD
_b10
_c20130110
_lUCH01
_h0102
590 _aBATCH-UPD
_b10
_c20130110
_lUCH01
_h1715
590 _aBATCH-UPD
_b10
_c20130410
_lUCH01
_h1100
590 _aBATCH-UPD
_b10
_c20130914
_lUCH01
_h1828
590 _aCONVERSION
_b10
_c20130109
_lUCH01
_h1322
650 1 4 _aQuímica inorgánica.
_993593
650 1 4 _aQuímica
_xTecnología.
_993574
901 _aBK
942 _cLIBRO
949 _a546 M65
_bBC
_cBPP
_d-100659
_eBPP
_i43995
_si
_t60.00
999 _c38898
_d38898